000 00826nam a2200217 a 4500
005 20160809121558.0
008 160809t2004 ck a||||r|||| 00| 0 spa d
040 _aCO-BoIAVH
_cCO-BoIAVH
041 0 _aspa
044 _ack
082 0 4 _a628.15
_bP69p
245 0 0 _aPlan de manejo para la recuperación de la microcuenca La Aldana - San Nicolás
260 _a[Armenia?] :
_bADECOQUIN,
_c2004.
300 _a42 páginas :
_bilustraciones ;
_c21 x 27 cm.
650 2 6 _aCuencas hidrográficas
_xconservación
_zArmenia (Quindío, Colombia)
650 2 6 _aCuencas hidrográficas
_xGestión ambiental
_zArmenia (Quindío, Colombia)
650 2 6 _aFauna
_xconservación
650 2 6 _aFlora
_xconservación
710 2 _aAsociación de Desarrollo Comunitario en el Quindío
942 _cLIBRO
_2ddc
999 _c5777
_d5777